01463nam a2200325 a 4500001001000000003000500010005001700015008004100032010001100073011001100084040000900095090001000104100004900114245020000163260004100363500006000404502008700464590004000551590004000591650005200631650003500683650003100718856007000749901000700819942001000826942000600836999001900842952014000861952013601001000111552CHAP20220329144218.0150611s2015 mx a fsm |||||||spa d a108014 a108986 cCHAP aTesis1 aHernández González, Diana Irán912943410aModelación de la tasa de erosión hídrica y su relación con el uso del suelo, en la subcuenca del Río Chapingo, Estado de Méxicoh[En línea]cpor Diana Irán Hernández González. aChapingo, Méx. :bEl autor,c2015. aPara ver el contenido del material haga clic en la liga aTesis (Ing. en Restauración Forestal) -- UACH. División de Ciencias Forestales aE5995AHEb05c20150611lUCH01h1103 aE5995AHEb05c20150611lUCH01h110414aSuelosxConservaciónxMéxico (Edo.)911030714aSuelosxDegradación.911033614aSuelosxErosión.9110357 aFinding aiduhttp://10.13.5.2/tesis/sist111552.pdfzTeclea aquí aBK cTESIS n0 c108014d108014 00102local4053708TESISaBCbBCcPA_TESISd2015-06-11fTESISl0oTesisp33724002485868r2019-12-31 00:00:00tc.2w2019-12-31yTESIS 00104054718TESISaBCbBCd2015-06-11fTESISl0oTesisp33724002485900r2019-12-31 00:00:00w2019-12-31yTESISzRecien adquirido